<?xml version="1.0" encoding="UTF-8"?><?xml-stylesheet type="text/xsl" href="static/style.xsl"?><OAI-PMH xmlns="http://www.openarchives.org/OAI/2.0/" xmlns:xsi="http://www.w3.org/2001/XMLSchema-instance" xsi:schemaLocation="http://www.openarchives.org/OAI/2.0/ http://www.openarchives.org/OAI/2.0/OAI-PMH.xsd"><responseDate>2026-06-02T01:12:14Z</responseDate><request verb="GetRecord" identifier="oai:riubu.ubu.es:10259/6508" metadataPrefix="marc">https://riubu.ubu.es/oai/request</request><GetRecord><record><header><identifier>oai:riubu.ubu.es:10259/6508</identifier><datestamp>2022-04-01T07:45:27Z</datestamp><setSpec>com_10259.4_103</setSpec><setSpec>com_10259.4_1</setSpec><setSpec>com_10259_2604</setSpec><setSpec>col_10259_6504</setSpec></header><metadata><record xmlns="http://www.loc.gov/MARC21/slim" xmlns:doc="http://www.lyncode.com/xoai" xmlns:xsi="http://www.w3.org/2001/XMLSchema-instance" xmlns:dcterms="http://purl.org/dc/terms/" xsi:schemaLocation="http://www.loc.gov/MARC21/slim http://www.loc.gov/standards/marcxml/schema/MARC21slim.xsd">
<leader>00925njm 22002777a 4500</leader>
<datafield tag="042" ind1=" " ind2=" ">
<subfield code="a">dc</subfield>
</datafield>
<datafield tag="720" ind1=" " ind2=" ">
<subfield code="a">Sanz de la Higuera, Francisco J.</subfield>
<subfield code="e">author</subfield>
</datafield>
<datafield tag="260" ind1=" " ind2=" ">
<subfield code="c">2017</subfield>
</datafield>
<datafield tag="520" ind1=" " ind2=" ">
<subfield code="a">La familia Bernáldez de Velasco se dedicó, de manera&#xd;
constante, a un quehacer profesional, el comercio al por mayor de&#xd;
paños y sedas, transmitido de padres a hijos con el devenir del siglo&#xd;
XVIII. El análisis de su cultura material, de la riqueza de los enseres&#xd;
de sus interiores domésticos y de su capacidad de negocio, a través&#xd;
de los tejidos localizados en sus tiendas y trastiendas, albergados&#xd;
unos y otros en el seno de los edificios en que residían, permite efectuar&#xd;
una elucubración socioeconómica sobre los derroteros mercantiles&#xd;
de varios hogares burgaleses. Algunos fueron llamados al éxito.&#xd;
Otros acabaron fracasando indefectiblemente. Las palabras de Gregorio Bernáldez de Velasco y del tendero Bernardo Gutiérrez atestiguan,&#xd;
bien a las claras, que no todo eran alegrías en la coyuntura setecentista:&#xd;
“con el motibo de tantas tiendas y benderse poco”, con unas&#xd;
ganancias muy escasas y un tremendo sentimiento de “estancamiento&#xd;
comercial” generalizado.</subfield>
</datafield>
<datafield tag="520" ind1=" " ind2=" ">
<subfield code="a">The Bernáldez de Velasco family is engaged, steadily,&#xd;
to a professional activity, the wholesale of cloths and silks, handed&#xd;
down from father to son with the passing of the eighteenth century.&#xd;
The analysis of their material culture, the richness of the furnishings&#xd;
of their domestic interiors and their bysiness capacity through tissue located in their stores and backrooms, hosted each other within&#xd;
the buildings in which they lived, it allows a socioeconomic vagary&#xd;
on commercial courses of several homes Burgos. Some were called to&#xd;
success. Other inevitably they end up failing. The words of Gregorio&#xd;
Bernáldez de Velasco and the shopkeeper Bernardo Gutiérrez, very&#xd;
dearly, that was not all joy in the eighteent situation: “con el motibo&#xd;
de tantas tiendas y benderse poco”, with a very loww income and&#xd;
a tremendous sense of generalized “estancamiento comercial”.</subfield>
</datafield>
<datafield tag="024" ind2=" " ind1="8">
<subfield code="a">0211-8998</subfield>
</datafield>
<datafield tag="024" ind2=" " ind1="8">
<subfield code="a">http://hdl.handle.net/10259/6508</subfield>
</datafield>
<datafield ind1=" " ind2=" " tag="653">
<subfield code="a">Cultura material</subfield>
</datafield>
<datafield ind1=" " ind2=" " tag="653">
<subfield code="a">Bernáldez de Velasco</subfield>
</datafield>
<datafield ind1=" " ind2=" " tag="653">
<subfield code="a">Comercio de paños y sedas</subfield>
</datafield>
<datafield ind1=" " ind2=" " tag="653">
<subfield code="a">Siglo XVIII</subfield>
</datafield>
<datafield ind1=" " ind2=" " tag="653">
<subfield code="a">Material Culture</subfield>
</datafield>
<datafield ind1=" " ind2=" " tag="653">
<subfield code="a">Wholesale of cloths and silks</subfield>
</datafield>
<datafield ind1=" " ind2=" " tag="653">
<subfield code="a">Eighteenth century</subfield>
</datafield>
<datafield tag="245" ind1="0" ind2="0">
<subfield code="a">Perspectivas de negocio y cultura material en una saga de comerciales burgaleses del XVIII. Los Bernáldez de Velasco</subfield>
</datafield>
</record></metadata></record></GetRecord></OAI-PMH>